Pauls Choice - Statistics

General Stats
  • This quiz has been taken 2 times
  • The average score is 8 of 11
Answer Stats
Question Answer % Correct
what 2 Squad numbers did Messi wear at Barcelona 19 and 10
100%
How much did Chelsea pay Liverpool for Fernando Torres 50 Million
100%
Connor Hazard is Eden Hazards Brother False
100%
Who succeeded Steven Gerrard as Liverpool Captain Jordan Henderson
100%
Who missed the penalty for Serbia for Scotland to qualify for the 2020 Euros Mitrovic
100%
What nationality is former celtic keeper Magnus Hedman Swedish
100%
Whats my middle name LOL Craig
50%
Name the 5 players Rangers let go for nothing at end of 2022/23 Season Mcgregor,helander,morelos,kent,arfield
50%
From which club did Celtic sign David Turnbull Motherwell
50%
Who Scored 2 goals for Motherwell against Celtic on Helicopter Sunday, and signed for Celtic weeks later Scott Mcdonald
50%
Name the 2 players rangers signed from Wigan at the same time waghorn and tavernier
0%
No matching quizzes found
Score Distribution
Percent of People with Each Score
Percentile by Number Answered
Your Score History
You have not taken this quiz